000 01086nam0a22002531 4500
001 rc\567526
005 20260407103339.0
035 _a(NLR Aleph) 005802107
090 _a5307603
_c5307603
100 _a20030616d1988 |||y0rusy50 ca
101 0 _arus
102 _aRU
105 _ay |||||||||
200 1 _aНекоторые аспекты формирования материалистического мировоззрения молодежи
_eСб. науч. тр.
_fТашк. гос. пед. ин-т им. Низами
_g[Отв. ред. Джуманиязов М.Д.]
210 _aТашкент
_cТашк. ГПИ
_d1988
215 _a85 с.
_d20
320 _aБиблиогр. в конце ст.
702 1 _aДжуманиязов
_bМ.Д.
_gМаркс Джуманиязович
_4340
712 0 2 _aТашкентский государственный педагогический институт им. Низами
_3RU\NLR\AUTH\889932097
_9359537
801 0 _aRU
_bNLR
_gpsbo
801 1 _aRU
_bELAR
_2rusmarc
852 _aNLR
_j89-4/15922
942 _cBOOK
980 _aNB